1905 1997 1899 1737 1436 1911 1670 1425 1059 1630 1282 1948 1886 1375 1068 1532 1023 1229 1870 1905 1826 1369 1288 1931 1543 1023 1320 1376 1882 1936 1004 1925 1995 1951 1118 1171 1671 1440 1334 1307 1930 1704 1301 1455 1831 1133 1857 1864 1211 1717 1671 1272 1428 1300 1082 1641 1939 1261 1424 1423 1105 1090 1615 1815 1769 1154 1420 1781 1139 1610 1689 1232 1595 1868 1209 1274 1848 1278 1318 1287 1625 1527 1869 1892 1388 1229 1753 1705 1956 1367 1862 1480 1006 1171 1852 1412 1901 1521 1246 BCNSPRNW ULIB Ver.6.0+V

เปลี่ยนเป็นภาษาไทย

Change to English
 แสดงรายละเอียดบรรณานุกรม
  กลับหน้าหลัก

Brief Record : Get Marc (ISO 2709) : E-mail record : QR code < ปิดหน้าต่าง
LEADER : 00000nam 2200000uu 4500
001    13399123503
003     ULIB
008    141001s2555||||th 000 0 tha d
020    9743293949
020    9789743293948
060 04 QY25^bส271ก
100 0  ชวนพิศ วงศ์สามัญ
245 10 การตรวจทางห้องปฏิบัติการและการพยาบาล /^cชวนพิศ วงศ์สามัญ,กล้าเผชิญ โชคบำรุง
250    พิมพ์ครั้งที่ 18
260    ขอนแก่น :^bภาควิชาพื้นฐานการพยาบาล คณะพยาบาลศาสตร์มหาวิทยาลัยขอนแก่น,^c2555
300    ก-ช, 281 หน้า ;^c21 ซม.
536    ได้รับการสนับสนุนจากกองทุนส่งเสริมการจัดพิมพ์ตำรามหาวิทยาลัยขอนแก่น
650  7 การพยาบาล
650  7 การวินิจฉัยโรคทางห้องปฏิบัติการ
700 0  กล้าเผชิญ โชคบำรุง
710 2  มหาวิทยาลัยขอนแก่น. ^bคณะพยาบาลศาสตร์.^bภาควิชาพื้นฐานการพยาบาล
945    ^p150^l0^i20880
945    ^p150^l0^i20881
945    ^p150^l0^i20882
945    ^p150^l0^i20883
945    ^p150^l0^i20884
945    ^p150^l0^i20885
945    ^p150^l0^i20906
945    ^p150^l0^i20907
945    ^p150^l0^i20908
945    ^p150^l0^i20909
945    ^p150^l0^i20910
945    ^p150^l0^i20911
945    ^p150^l0^i20912
945    ^p150^l0^i20913
945    ^p150^l0^i20914
995    ทศพร
999    ^aใช้งานได้ทุกระบบ
รายการนี้ยังไม่มีแท็ก
คุณยังไม่ได้ล็อกอิน คุณสามารถมีกิจกรรมร่วมกับเว็บไซต์ได้ แต่ต้องล็อกอินก่อน ::
  ล็อกอิน

รายการสื่อสารสนเทศ

ลำดับที่ ประเภท เลขเรียก/บาร์โค้ด สถานที่ สถานะ
1. วิทยาศาสตร์การแพทย์ และสุขภาพ
วิทยาศาสตร์การแพทย์ และสุขภาพ
สถานะ=หนังสือเก่า
QY25 ส271ก ฉ.1 
  Barcode: 20880
ห้องสมุดวิทยาเขตนครสวรรค์
►ส่วนจัดเก็บหนังสือเก่า นว.
บนชั้น
  ขอยืม
2. วิทยาศาสตร์การแพทย์ และสุขภาพ
วิทยาศาสตร์การแพทย์ และสุขภาพ
สถานะ=หนังสือเก่า
QY25 ส271ก ฉ.10 
  Barcode: 20909
ห้องสมุดวิทยาเขตนครสวรรค์
►ส่วนจัดเก็บหนังสือเก่า นว.
บนชั้น
  ขอยืม
3. วิทยาศาสตร์การแพทย์ และสุขภาพ
วิทยาศาสตร์การแพทย์ และสุขภาพ
สถานะ=หนังสือเก่า
QY25 ส271ก ฉ.11 
  Barcode: 20910
ห้องสมุดวิทยาเขตนครสวรรค์
►ส่วนจัดเก็บหนังสือเก่า นว.
บนชั้น
  ขอยืม
4. วิทยาศาสตร์การแพทย์ และสุขภาพ
วิทยาศาสตร์การแพทย์ และสุขภาพ
สถานะ=หนังสือเก่า
QY25 ส271ก ฉ.12 
  Barcode: 20911
ห้องสมุดวิทยาเขตนครสวรรค์
►ส่วนจัดเก็บหนังสือเก่า นว.
บนชั้น
  ขอยืม
5. วิทยาศาสตร์การแพทย์ และสุขภาพ
วิทยาศาสตร์การแพทย์ และสุขภาพ
สถานะ=หนังสือเก่า
QY25 ส271ก ฉ.13 
  Barcode: 20912
ห้องสมุดวิทยาเขตนครสวรรค์
►ส่วนจัดเก็บหนังสือเก่า นว.
บนชั้น
  ขอยืม
6. วิทยาศาสตร์การแพทย์ และสุขภาพ
วิทยาศาสตร์การแพทย์ และสุขภาพ
สถานะ=หนังสือเก่า
QY25 ส271ก ฉ.14 
  Barcode: 20913
ห้องสมุดวิทยาเขตนครสวรรค์
►ส่วนจัดเก็บหนังสือเก่า นว.
ถูกยืม กำหนดส่งวันที่ 15 มิถุนายน 2568
  จอง
7. วิทยาศาสตร์การแพทย์ และสุขภาพ
วิทยาศาสตร์การแพทย์ และสุขภาพ
QY25 ส271ก ฉ.15 
  Barcode: 20914
ห้องสมุดวิทยาเขตนครสวรรค์
►หนังสือทั่วไป:l:General Books
บนชั้น
8. วิทยาศาสตร์การแพทย์ และสุขภาพ
วิทยาศาสตร์การแพทย์ และสุขภาพ
QY25 ส271ก ฉ.2 
  Barcode: 20881
ห้องสมุดวิทยาเขตนครสวรรค์
►หนังสือทั่วไป:l:General Books
บนชั้น
9. วิทยาศาสตร์การแพทย์ และสุขภาพ
วิทยาศาสตร์การแพทย์ และสุขภาพ
สถานะ=หนังสือเก่า
QY25 ส271ก ฉ.3 
  Barcode: 20882
ห้องสมุดวิทยาเขตนครสวรรค์
►ส่วนจัดเก็บหนังสือเก่า นว.
บนชั้น
  ขอยืม
10. วิทยาศาสตร์การแพทย์ และสุขภาพ
วิทยาศาสตร์การแพทย์ และสุขภาพ
QY25 ส271ก ฉ.4 
  Barcode: 20883
ห้องสมุดวิทยาเขตนครสวรรค์
►หนังสือทั่วไป:l:General Books
บนชั้น
11. วิทยาศาสตร์การแพทย์ และสุขภาพ
วิทยาศาสตร์การแพทย์ และสุขภาพ
QY25 ส271ก ฉ.5 
  Barcode: 20884
ห้องสมุดวิทยาเขตนครสวรรค์
►หนังสือทั่วไป:l:General Books
บนชั้น
12. วิทยาศาสตร์การแพทย์ และสุขภาพ
วิทยาศาสตร์การแพทย์ และสุขภาพ
QY25 ส271ก ฉ.6 
  Barcode: 20885
ห้องสมุดวิทยาเขตนครสวรรค์
►หนังสือทั่วไป:l:General Books
บนชั้น
13. วิทยาศาสตร์การแพทย์ และสุขภาพ
วิทยาศาสตร์การแพทย์ และสุขภาพ
สถานะ=หนังสือเก่า
QY25 ส271ก ฉ.7 
  Barcode: 20906
ห้องสมุดวิทยาเขตนครสวรรค์
►ส่วนจัดเก็บหนังสือเก่า นว.
บนชั้น
  ขอยืม
14. วิทยาศาสตร์การแพทย์ และสุขภาพ
วิทยาศาสตร์การแพทย์ และสุขภาพ
สถานะ=หนังสือเก่า
QY25 ส271ก ฉ.8 
  Barcode: 20907
ห้องสมุดวิทยาเขตนครสวรรค์
►ส่วนจัดเก็บหนังสือเก่า นว.
บนชั้น
  ขอยืม
15. วิทยาศาสตร์การแพทย์ และสุขภาพ
วิทยาศาสตร์การแพทย์ และสุขภาพ
สถานะ=หนังสือเก่า
QY25 ส271ก ฉ.9 
  Barcode: 20908
ห้องสมุดวิทยาเขตนครสวรรค์
►ส่วนจัดเก็บหนังสือเก่า นว.
บนชั้น
  ขอยืม

รายการใกล้เคียง
    ผู้แต่ง [ชวนพิศ วงศ์สามัญ]

    หัวเรื่อง [การพยาบาล]
    หัวเรื่อง [การวินิจฉัยโรคทางห้องปฏิบัติการ]

BibComment


ยังไม่เคยถูกคอมเมนท์

คอมเมนท์ทรัพยากรรายการนี้
  คอมเมนท์: การตรวจทางห้องปฏิ..


 Copyright 2026. Bcnsprnw @Library